| 000 | 00893nam a2200229 a 4500 | ||
|---|---|---|---|
| 001 | 49338 | ||
| 003 | BD-RjUL | ||
| 005 | 20211209054651.0 | ||
| 008 | 160820s1979 bg ||||| |||| 00| f ben d | ||
| 035 | _a(BD-RjUL)49457 | ||
| 040 |
_aBD-RjUL _bben _cBD-RjUL |
||
| 041 | _aben | ||
| 082 |
_223 _aB 891.443 _bGAL 1979 |
||
| 110 |
_aঢাকা বিশ্ববিদ্যালয় _9126318 |
||
| 245 | 1 | 0 |
_aগল্প সংগ্রহ / _cওয়াকিল আহমদ, সনজিদা খাতুন, মাহমুদা খাতুন ও আহমদ কবির |
| 250 | _a১ম সং. | ||
| 260 |
_aঢাকা : _bঢাকা বিশ্ববিদ্যালয়, _c১৯৭৯ |
||
| 300 |
_aঘ, ৫৮৭ পৃ. ; _c২১ সেমি. |
||
| 650 |
_aবাংলা গল্প _9120183 |
||
| 650 |
_aBengali Fiction _9126319 |
||
| 942 |
_2ddc _cBK |
||
| 999 |
_c49338 _d49338 |
||